Legislación de minas

Wedi'i Gadw mewn:
Manylion Llyfryddiaeth
Prif Awdur: González, Joaquín Víctor (Awdur)
Fformat: Llyfr
Iaith:Sbaeneg
Cyhoeddwyd: Buenos Aires Félix Lajouane 1900
Pynciau:
Tagiau: Ychwanegu Tag
Dim Tagiau, Byddwch y cyntaf i dagio'r cofnod hwn!

MARC

LEADER 00000nam a2200000 a 4500
001 UCR4255
003 CL-VaPUC
008 980307e19000000AG |||||||||||||||||spa|d
082 0 4 |a 343.077  |b GON  |2 21 
100 |a González, Joaquín Víctor  |e author  |9 410272 
245 1 0 |a Legislación de minas 
300 |a 540 p 
942 |c BK 
945 |d 19980307 00:00:00  |a crobeson 
260 |a Buenos Aires  |b Félix Lajouane  |c 1900 
650 0 |a Legislación minera  |9 388864 
650 0 |a Derecho de minería  |9 344919 
650 0 |a Concesiones mineras  |9 256334 
650 0 |a Contratos mineros  |9 344920 
650 0 |a Propiedad minera   |9 370030 
650 7 |a SOCIEDADES MINERAS  |2 CL-VaPUC  |9 371906 
650 0 |a Minería  |9 326008 
650 0 |a Minas  |9 255522 
583 |a last modification  |c 19980307 00:00:00  |k Rodrigo Vera 
999 |c 267203  |d 267201 
952 |0 0  |1 0  |4 0  |6 343_077000000000000_GON_1900  |7 0  |8 X  |9 299427  |a BIBDER  |b BIBDER  |d 2019-11-20  |i 194858K  |o 343.077 GON 1900  |p 194858K  |r 2023-01-25  |w 2019-11-20  |y BK_X  |k DER